Contries in UEFA- Sudden death - Statistics

General Stats
  • This quiz has been taken 76 times
  • The average score is 9 of 15
Answers on the Grid
Answers color-coded by a green-red scale on the quiz's grid according to % correct below.
France
Lebanon
Kasakistan
Uzbekistan
Russia
Israel
Egypt
Mexico
Tunisia
Malta
Libya
Hungary
Moroco
Syria
Finland
Gibraltar
San Marino
Turkey
Iraq
Iran
Georgia
Armenia
Japan
Azerbaijan
Chad
Yemen
Oman
Andorra
Iceland
Canada
 
Answer Stats
Answer % Correct
France
95%
Iceland
70%
Russia
70%
San Marino
65%
Finland
63%
Hungary
60%
Turkey
60%
Andorra
58%
Georgia
58%
Armenia
56%
Malta
56%
Gibraltar
51%
Israel
51%
Azerbaijan
47%
Kasakistan
42%
No matching quizzes found
Score Distribution
Percent of People with Each Score
Percentile by Number Answered
Your Score History
You have not taken this quiz